<?xml version="1.0" encoding="UTF-8"?>
<record
    xmlns:xsi="http://www.w3.org/2001/XMLSchema-instance"
    xsi:schemaLocation="http://www.loc.gov/MARC21/slim http://www.loc.gov/standards/marcxml/schema/MARC21slim.xsd"
    xmlns="http://www.loc.gov/MARC21/slim">

  <leader>01150cam a22003017i 4500</leader>
  <datafield tag="952" ind1=" " ind2=" ">
    <subfield code="0">0</subfield>
    <subfield code="1">0</subfield>
    <subfield code="2">lcc</subfield>
    <subfield code="4">0</subfield>
    <subfield code="7">0</subfield>
    <subfield code="8">NFIC</subfield>
    <subfield code="a">CCL</subfield>
    <subfield code="b">CCL</subfield>
    <subfield code="c">GEN</subfield>
    <subfield code="d">2021-10-12</subfield>
    <subfield code="l">0</subfield>
    <subfield code="o">HF5718 TYN 2013</subfield>
    <subfield code="p">031015</subfield>
    <subfield code="r">2021-10-12 00:00:00</subfield>
    <subfield code="t">c. 1</subfield>
    <subfield code="w">2021-10-12</subfield>
    <subfield code="y">BK</subfield>
  </datafield>
  <datafield tag="952" ind1=" " ind2=" ">
    <subfield code="0">0</subfield>
    <subfield code="1">0</subfield>
    <subfield code="2">lcc</subfield>
    <subfield code="4">0</subfield>
    <subfield code="7">0</subfield>
    <subfield code="8">NFIC</subfield>
    <subfield code="a">CCL</subfield>
    <subfield code="b">CCL</subfield>
    <subfield code="c">GEN</subfield>
    <subfield code="d">2021-10-12</subfield>
    <subfield code="l">0</subfield>
    <subfield code="o">HF5718 TYN 2013</subfield>
    <subfield code="p">031014</subfield>
    <subfield code="r">2021-10-12 00:00:00</subfield>
    <subfield code="t">c. 2</subfield>
    <subfield code="w">2021-10-12</subfield>
    <subfield code="y">BK</subfield>
  </datafield>
  <datafield tag="952" ind1=" " ind2=" ">
    <subfield code="0">0</subfield>
    <subfield code="1">0</subfield>
    <subfield code="2">lcc</subfield>
    <subfield code="4">0</subfield>
    <subfield code="7">0</subfield>
    <subfield code="8">NFIC</subfield>
    <subfield code="a">CCL</subfield>
    <subfield code="b">CCL</subfield>
    <subfield code="c">GEN</subfield>
    <subfield code="d">2021-10-12</subfield>
    <subfield code="l">0</subfield>
    <subfield code="o">HF5718 TYN 2013</subfield>
    <subfield code="p">031013</subfield>
    <subfield code="r">2021-10-12 00:00:00</subfield>
    <subfield code="t">c. 3</subfield>
    <subfield code="w">2021-10-12</subfield>
    <subfield code="y">BK</subfield>
  </datafield>
  <datafield tag="952" ind1=" " ind2=" ">
    <subfield code="0">0</subfield>
    <subfield code="1">0</subfield>
    <subfield code="2">lcc</subfield>
    <subfield code="4">0</subfield>
    <subfield code="7">0</subfield>
    <subfield code="8">NFIC</subfield>
    <subfield code="a">MCL</subfield>
    <subfield code="b">MCL</subfield>
    <subfield code="c">GEN</subfield>
    <subfield code="d">2021-10-12</subfield>
    <subfield code="l">0</subfield>
    <subfield code="o">HF5718 TYN 2013</subfield>
    <subfield code="p">031012</subfield>
    <subfield code="r">2021-10-12 00:00:00</subfield>
    <subfield code="t">c. 4</subfield>
    <subfield code="w">2021-10-12</subfield>
    <subfield code="y">BK</subfield>
  </datafield>
  <datafield tag="952" ind1=" " ind2=" ">
    <subfield code="0">0</subfield>
    <subfield code="1">0</subfield>
    <subfield code="2">lcc</subfield>
    <subfield code="4">0</subfield>
    <subfield code="7">0</subfield>
    <subfield code="8">NFIC</subfield>
    <subfield code="a">MCL</subfield>
    <subfield code="b">MCL</subfield>
    <subfield code="c">GEN</subfield>
    <subfield code="d">2021-10-12</subfield>
    <subfield code="l">0</subfield>
    <subfield code="o">HF5718 TYN 2013</subfield>
    <subfield code="p">031011</subfield>
    <subfield code="r">2021-10-12 00:00:00</subfield>
    <subfield code="t">c. 5</subfield>
    <subfield code="w">2021-10-12</subfield>
    <subfield code="y">BK</subfield>
  </datafield>
  <datafield tag="952" ind1=" " ind2=" ">
    <subfield code="0">0</subfield>
    <subfield code="1">0</subfield>
    <subfield code="2">lcc</subfield>
    <subfield code="4">0</subfield>
    <subfield code="7">0</subfield>
    <subfield code="8">NFIC</subfield>
    <subfield code="a">MCL</subfield>
    <subfield code="b">MCL</subfield>
    <subfield code="c">GEN</subfield>
    <subfield code="d">2021-10-12</subfield>
    <subfield code="l">0</subfield>
    <subfield code="o">HF5718 TYN 2013</subfield>
    <subfield code="p">031010</subfield>
    <subfield code="r">2022-11-11 00:00:00</subfield>
    <subfield code="t">c. 6</subfield>
    <subfield code="w">2021-10-12</subfield>
    <subfield code="y">BK</subfield>
  </datafield>
  <datafield tag="952" ind1=" " ind2=" ">
    <subfield code="0">0</subfield>
    <subfield code="1">0</subfield>
    <subfield code="2">lcc</subfield>
    <subfield code="4">0</subfield>
    <subfield code="7">0</subfield>
    <subfield code="8">NFIC</subfield>
    <subfield code="a">LL</subfield>
    <subfield code="b">LL</subfield>
    <subfield code="c">GEN</subfield>
    <subfield code="d">2021-10-12</subfield>
    <subfield code="l">0</subfield>
    <subfield code="o">HF5718 TYN 2013</subfield>
    <subfield code="p">031009</subfield>
    <subfield code="r">2021-10-12 00:00:00</subfield>
    <subfield code="t">c. 7</subfield>
    <subfield code="w">2021-10-12</subfield>
    <subfield code="y">BK</subfield>
  </datafield>
  <datafield tag="952" ind1=" " ind2=" ">
    <subfield code="0">0</subfield>
    <subfield code="1">0</subfield>
    <subfield code="2">lcc</subfield>
    <subfield code="4">0</subfield>
    <subfield code="7">0</subfield>
    <subfield code="8">NFIC</subfield>
    <subfield code="a">LL</subfield>
    <subfield code="b">LL</subfield>
    <subfield code="c">GEN</subfield>
    <subfield code="d">2021-10-12</subfield>
    <subfield code="l">0</subfield>
    <subfield code="o">HF5718 TYN 2013</subfield>
    <subfield code="p">031008</subfield>
    <subfield code="r">2021-10-12 00:00:00</subfield>
    <subfield code="t">c. 8</subfield>
    <subfield code="w">2021-10-12</subfield>
    <subfield code="y">BK</subfield>
  </datafield>
  <datafield tag="952" ind1=" " ind2=" ">
    <subfield code="0">0</subfield>
    <subfield code="1">0</subfield>
    <subfield code="2">lcc</subfield>
    <subfield code="4">0</subfield>
    <subfield code="7">0</subfield>
    <subfield code="8">NFIC</subfield>
    <subfield code="a">LL</subfield>
    <subfield code="b">LL</subfield>
    <subfield code="c">GEN</subfield>
    <subfield code="d">2021-10-12</subfield>
    <subfield code="l">0</subfield>
    <subfield code="o">HF5718 TYN 2013</subfield>
    <subfield code="p">031007</subfield>
    <subfield code="r">2021-10-12 00:00:00</subfield>
    <subfield code="t">c. 9</subfield>
    <subfield code="w">2021-10-12</subfield>
    <subfield code="y">BK</subfield>
  </datafield>
  <datafield tag="952" ind1=" " ind2=" ">
    <subfield code="0">0</subfield>
    <subfield code="1">0</subfield>
    <subfield code="2">lcc</subfield>
    <subfield code="4">0</subfield>
    <subfield code="7">0</subfield>
    <subfield code="8">NFIC</subfield>
    <subfield code="a">CCL</subfield>
    <subfield code="b">CCL</subfield>
    <subfield code="c">GEN</subfield>
    <subfield code="d">2021-10-12</subfield>
    <subfield code="l">0</subfield>
    <subfield code="o">HF5718 TYN 2013</subfield>
    <subfield code="p">031006</subfield>
    <subfield code="r">2021-10-12 00:00:00</subfield>
    <subfield code="t">c. 10</subfield>
    <subfield code="w">2021-10-12</subfield>
    <subfield code="y">BK</subfield>
  </datafield>
  <datafield tag="952" ind1=" " ind2=" ">
    <subfield code="0">0</subfield>
    <subfield code="1">0</subfield>
    <subfield code="2">lcc</subfield>
    <subfield code="4">0</subfield>
    <subfield code="7">0</subfield>
    <subfield code="8">NFIC</subfield>
    <subfield code="a">CCL</subfield>
    <subfield code="b">CCL</subfield>
    <subfield code="c">GEN</subfield>
    <subfield code="d">2021-10-12</subfield>
    <subfield code="l">0</subfield>
    <subfield code="o">HF5718 TYN 2013</subfield>
    <subfield code="p">030971</subfield>
    <subfield code="r">2021-10-12 00:00:00</subfield>
    <subfield code="t">c. 11</subfield>
    <subfield code="w">2021-10-12</subfield>
    <subfield code="y">BK</subfield>
  </datafield>
  <datafield tag="952" ind1=" " ind2=" ">
    <subfield code="0">0</subfield>
    <subfield code="1">0</subfield>
    <subfield code="2">lcc</subfield>
    <subfield code="4">0</subfield>
    <subfield code="7">0</subfield>
    <subfield code="8">NFIC</subfield>
    <subfield code="a">CCL</subfield>
    <subfield code="b">CCL</subfield>
    <subfield code="c">GEN</subfield>
    <subfield code="d">2021-10-12</subfield>
    <subfield code="l">0</subfield>
    <subfield code="o">HF5718 TYN 2013</subfield>
    <subfield code="p">030970</subfield>
    <subfield code="r">2021-10-12 00:00:00</subfield>
    <subfield code="t">c. 12</subfield>
    <subfield code="w">2021-10-12</subfield>
    <subfield code="y">BK</subfield>
  </datafield>
  <datafield tag="999" ind1=" " ind2=" ">
    <subfield code="c">10058</subfield>
    <subfield code="d">10058</subfield>
  </datafield>
  <controlfield tag="001">18150956</controlfield>
  <controlfield tag="003">GZU</controlfield>
  <controlfield tag="005">20211012125945.0</controlfield>
  <controlfield tag="008">140514s2013    vraa     b    001 0 eng  </controlfield>
  <datafield tag="010" ind1=" " ind2=" ">
    <subfield code="a">  2013478654</subfield>
  </datafield>
  <datafield tag="020" ind1=" " ind2=" ">
    <subfield code="a">9780195575897 (paperback)</subfield>
  </datafield>
  <datafield tag="037" ind1=" " ind2=" ">
    <subfield code="b">253 Normanby Rd South Melbourne VIC 3205</subfield>
  </datafield>
  <datafield tag="040" ind1=" " ind2=" ">
    <subfield code="a">DLC</subfield>
    <subfield code="b">eng</subfield>
    <subfield code="e">rda</subfield>
    <subfield code="c">DLC</subfield>
    <subfield code="d">DLC</subfield>
  </datafield>
  <datafield tag="050" ind1="0" ind2="0">
    <subfield code="a">HF5718</subfield>
    <subfield code="b">TYN 2013</subfield>
  </datafield>
  <datafield tag="100" ind1="1" ind2=" ">
    <subfield code="a">Tynan, Liz,</subfield>
    <subfield code="e">author.</subfield>
  </datafield>
  <datafield tag="245" ind1="1" ind2="0">
    <subfield code="a">Communication for business /</subfield>
    <subfield code="c">Liz Tynan ; David Wolstencroft ; Beth Edmondson ; Don Swanson ; Angela Martin ; Damian Grace ; Andrew Creed.</subfield>
  </datafield>
  <datafield tag="264" ind1=" " ind2="1">
    <subfield code="a">Victoria :</subfield>
    <subfield code="a">Wellington :</subfield>
    <subfield code="b">Oxford University Press,</subfield>
    <subfield code="c">2013.</subfield>
  </datafield>
  <datafield tag="300" ind1=" " ind2=" ">
    <subfield code="a">xxiv, 431 pages :</subfield>
    <subfield code="b">illustrations ;</subfield>
    <subfield code="c">25 cm</subfield>
  </datafield>
  <datafield tag="336" ind1=" " ind2=" ">
    <subfield code="a">text</subfield>
    <subfield code="b">txt</subfield>
    <subfield code="2">rdacontent</subfield>
  </datafield>
  <datafield tag="337" ind1=" " ind2=" ">
    <subfield code="a">unmediated</subfield>
    <subfield code="b">n</subfield>
    <subfield code="2">rdamedia</subfield>
  </datafield>
  <datafield tag="338" ind1=" " ind2=" ">
    <subfield code="a">volume</subfield>
    <subfield code="b">nc</subfield>
    <subfield code="2">rdacarrier</subfield>
  </datafield>
  <datafield tag="500" ind1=" " ind2=" ">
    <subfield code="a">Includes bibliographical references (pages [406]-420) and index.</subfield>
  </datafield>
  <datafield tag="650" ind1=" " ind2="0">
    <subfield code="a">Business communication.</subfield>
  </datafield>
  <datafield tag="650" ind1=" " ind2="0">
    <subfield code="a">Communication in organizations.</subfield>
  </datafield>
  <datafield tag="906" ind1=" " ind2=" ">
    <subfield code="a">7</subfield>
    <subfield code="b">cbc</subfield>
    <subfield code="c">orignew</subfield>
    <subfield code="d">4</subfield>
    <subfield code="e">ncip</subfield>
    <subfield code="f">20</subfield>
    <subfield code="g">y-gencatlg</subfield>
  </datafield>
  <datafield tag="942" ind1=" " ind2=" ">
    <subfield code="2">lcc</subfield>
    <subfield code="c">BK</subfield>
    <subfield code="h">5718</subfield>
    <subfield code="i">TYN</subfield>
    <subfield code="k">HF</subfield>
  </datafield>
</record>
